000 01417cam a2200409 i 4500
001 21853085
003 NUST
005 20260219102815.0
008 201228s2021 pk d b 000 0 eng
010 _a 2020370214
020 _a9789696379652
037 _bLibrary of Congress -- Islamabad Overseas Office
038 _aMuhammad Ibrahim
040 _aDLC
_beng
_cDLC
_erda
042 _alcode
_apcc
043 _aa-pk---
050 0 0 _aHV6433.P18
_bM35 2021
082 _a363.325095491
_bMAK 2021
100 1 _aMakki, Muhammad,
_eauthor.
_981279
245 1 0 _aSecuring Pakistan :
_bmaking sense of the fundamental of counter-terrorism and counter violent extremism /
_cMuhammad Makki & Tughral Yamin.
250 _aFirst edition.
264 1 _aKarachi :
_bParmount Books,
_c2021.
300 _axx, 311 pages :
_bcharts ;
_c23 cm
336 _atext
_btxt
_2rdacontent
337 _aunmediated
_bn
_2rdamedia
338 _avolume
_bnc
_2rdacarrier
504 _aIncludes bibliographical references (pages 270-311).
563 _aHB
650 0 _aTerrorism
_zPakistan
_xPrevention.
_912982
650 0 _aRadicalism
_zPakistan.
_981280
650 0 _aRadicalization.
_981281
650 0 _aInternal security
_zPakistan.
_91622
700 1 _aYamin, Tughral,
_eauthor.
_91533
906 _a7
_bcbc
_corigode
_d3
_encip
_f20
_gy-gencatlg
942 _2ddc
_cBK
_e1st
999 _c616307
_d616307